000 00853nam a2200241Ia 4500
999 _c5576
_d5576
003 OSt
005 20200312121417.0
008 191128q200? ck gri 001 0 und d
040 _aCO-JMCR
_cCO-JMCR
041 0 _aspa
082 0 4 _a070.986 /
_bA662d
082 _b
100 1 _aArango Londoño, Gilberto,
_eautor
_91441
245 0 _aDesde mi angulo :
_b2004 /
_cGilberto Arango Londoño
260 _aBogotá :
_bColegio de Estudios Superiores de Administración - Cesa : Múnera Editores,
_c[200?]
300 _a118 páginas
_c 23 cm
500 _aIncluye datos biográficos del autor en la solapa posterior.
500 _aIncluye índice temático páginas 35-118.
546 0 _aspa
650 1 4 _aEconomía colombiana
_xArtículos de prensa
_zColombia
_91463
650 2 4 _aEconomía colombiana
_xCrónicas
_zColombia
_91464
942 _2ddc
_cBK